| 000 | 00822nam a22002051cc4500 | ||
|---|---|---|---|
| 001 | a987689405+Band2 | ||
| 035 | _aa987689405 | ||
| 008 | 180516s1996 gw |||| 000u ger d | ||
| 020 |
_a3608917942 _93-608-91794-2 |
||
| 041 | _ager | ||
| 100 | 1 |
_aJeismann, Karl-Ernst _916937 |
|
| 245 | 0 | 4 |
_aDas preußische Gymnasium in Staat und Gesellschaft _cKarl-Ernst Jeismann _nBand 2 _pHöhere Bildung zwischen Reform und Reaktion 1817 - 1859 / |
| 264 |
_aStuttgart : _bKlett, _c1996 |
||
| 300 | _a797 Seiten | ||
| 246 | 1 | 2 |
_aDas preußische Gymnasium in Staat und Gesellschaft : die Entstehung des Gymnasiums als Schule des Staates und der Gebildeten, 1787 - 1817. Höhere Bildung zwischen Reform und Reaktion 1817 - 1859 _nBand 2 |
| 773 | 0 | 8 |
_wa987689405 _qBand2 |
| 942 | _cMG | ||
| 040 | _cRU-10907106 | ||
| 003 | RU-10907106 | ||
| 999 |
_c27328 _d27328 |
||